Werkbatt : zeitschrift für psychoanalyuse und gesellschaftskritik /

Gardado en:
Detalles Bibliográficos
Formato: Libro
Idioma:German
Temas:
Etiquetas: Engadir etiqueta
Sen Etiquetas, Sexa o primeiro en etiquetar este rexistro!

MARC

LEADER 00000nam^a2200000^a^4500
001 000159453
005 20250521000000.0
009 20260310100648.751
037 |a Acervo ITESO - Biblioteca 
041 |a ALE 
082 |a 616. 891705  |b WER 1968 V. 6-7 
245 0 0 |a Werkbatt :  |b zeitschrift für psychoanalyuse und gesellschaftskritik / 
264 |a Salzburgo, Austria :  |b Werkstatt,  |c 1986 
300 |a 128 p. 
336 |a texto  |b txt  |2 rdacontenido 
337 |a sin mediación  |b n  |2 rdamedio 
338 |a volumen  |b nc  |2 rdasoporte 
649 |a XX 
650 |a Psicoanálisis -  |x Publicaciones Periódicas Austríacas 
650 |a Problemas Sociales 
650 |a Psiquiatría 
650 |a Psicoterapia 
650 |a Psicología Clínica 
650 |a Publicaciones Periódicas Austríacas 
910 |a Fondo Salvador Reynoso Reynoso 
920 |a Impresos - Libros 
930 |a Fondos Especiales 
905 |a 112 
901 |a 0500090302  |b IT2  |c ESP  |u 20250521 
902 |a https://opac.biblio.iteso.mx/vufind/Record/000159453